| 000 | 00597nam a2200169Ia 4500 | ||
|---|---|---|---|
| 008 | 180921t2017 xxu||||| |||| 00| 0 sin d | ||
| 041 | _asin | ||
| 080 |
_a8-31 _bස්ටැන් |
||
| 100 | _aස්ටැන්ෆෝඩ්, සැන්ඩ්රා | ||
| 245 | _aආදර සේයා | ||
| 260 |
_bනිශාන්ත ප්රකාශන _aගණේමුල්ල _c2017 |
||
| 300 | _aසෙ.මි.21, පි.197 | ||
| 700 |
_aමානෙල් ජයන්ති ගුණසේකර _eපරි. |
||
| 942 | _cBK | ||
| 999 |
_c10686 _d10686 |
||
| 003 | LK-CoDNM | ||
| 040 |
_aLK-CoDNM _dLK-CoDNM _eLK-CoDNM |
||